Les Plantes potageres : description et culture des principaux legumes des climats temperes
Αποθηκεύτηκε σε:
| Συγγραφή απο Οργανισμό/Αρχή: | |
|---|---|
| Μορφή: | Βιβλίο |
| Γλώσσα: | French |
| Δημοσίευση: |
Paris :
Vilmorin-Andrieux,
1891
|
| Έκδοση: | 2η έκδ. |
| Θέματα: | |
| Ετικέτες: |
Προσθήκη ετικέτας
Δεν υπάρχουν, Καταχωρήστε ετικέτα πρώτοι!
|
MARC
| LEADER | 00000cam a2200000 i 4500 | ||
|---|---|---|---|
| 001 | 1/69335 | ||
| 008 | 150407s1891 fre d | ||
| 035 | |l 10121515 | ||
| 040 | |a GR-MY-UA |b gre |e aacr | ||
| 041 | 0 | |a fre | |
| 082 | 0 | |a 635 |2 (23) | |
| 110 | 2 | |a Vilmorin-Andrieux et cie. | |
| 245 | 1 | 4 | |a Les Plantes potageres : |b description et culture des principaux legumes des climats temperes / |c par Vilmorin-Andrieux et cie |
| 250 | |a 2η έκδ. | ||
| 260 | |a Paris : |b Vilmorin-Andrieux, |c 1891 | ||
| 300 | |a xviii, 730 σ.; |b εικ.; |c 25 εκ. | ||
| 650 | 0 | 0 | |a Vegetables. |
| 650 | 0 | 0 | |a Vegetable gardening. |
| 852 | |a INST |b SAMOS |c MOR |e 20150407 |h 635 VIL |p 005300042086 |q 005300042086 |t NOLOAN |y 23 | ||
| 901 | |a BIBL3-2015-1 | ||
| 909 | |a Σ |b 192107 | ||
| 970 | |a ΣΙΤΖΙΜΗ |b ΓΙΑΣΕΜΗ |z 2015/04/07 | ||